000 00831nam a2200253 a 4500
003 CBULib
005 20260511142023.0
008 120416s2000 ||||||||||||||||| || u
020 _a052166649X
020 _a9780521666497
040 _bEnglish
_cCBULib
_erda
050 _aQD 461 Gil
100 _aGil, Victor M. S., 1939-
245 1 0 _aOrbitals in chemistry : a modern guide for students
_c/ by Victor M. S. Gil
260 _aCambridge :
_bCambridge University Press,
_c2000
300 _axii, 314 pages : illustrations
336 _2rdacontent
_aText |
_btxt
337 _2rdamedia
_aUnmediated |
_bn
338 _2rdacarrier
_aVolume
_bnc
650 0 _aCHEMISTRY--HANDBOOKS, MANUALS, ETC
_93623
650 0 _aMOLECULAR ORBITALS
_95442
942 _2lcc
_c002
999 _c86698
_d86698